[Event "FIDE World Cup"]
[Site "Khanty-Mansiysk"]
[Date "2005.12.04"]
[Round "3.3"]
[White "Bruzon Batista, Lazaro"]
[Black "Bareev, Evgeny"]
[Result "1/2-1/2"]
[WhiteElo "2677"]
[BlackElo "2675"]
[Annotator "Lukacs,P"]
[PlyCount "125"]
[EventDate "2005.11.27"]
[EventType "k.o."]
[EventRounds "7"]
[EventCountry "RUS"]
[SourceTitle "CBM 111"]
[Source "ChessBase"]
[SourceDate "2006.04.04"]
[SourceVersion "1"]
[SourceVersionDate "2006.04.04"]
[SourceQuality "1"]

1. e4 c6 2. d4 d5 3. Nc3 dxe4 4. Nxe4 Bf5 5. Ng3 Bg6 6. h4 h6 7. Nf3 e6 (7...
Nd7 {is the main line not allowing Ne5.}) 8. Ne5 Bh7 9. Bd3 Bxd3 10. Qxd3 Nd7
11. f4 Ngf6 12. Bd2 c5 13. O-O-O Be7 {[#]} 14. d5 $5 {[%mdl 4] This positional
P sacrifice is the critical continuation.} Nxe5 (14... c4 15. Qxc4 (15. Nxc4 {
deserved attention as well.} Nc5 $5 (15... Nxd5 16. f5 Nc5 17. Qf3 O-O 18. Nh5
$18 {with a devastating -> for White.}) (15... exd5 16. Ne3 O-O 17. Nxd5 $16)
16. Qe2 Nxd5 17. Ba5 (17. Bc3 O-O) 17... Qd7 18. f5 O-O 19. Nh5 $40) 15... Nxd5
$2 16. Nh5 $1 {This is the typical attacking move again targeting >< h5.} O-O
17. Nxd7 Qxd7 18. Qd4 $1 {Now White has an irresistable ->.} f6 19. f5 $1 exf5
20. Bxh6 $1 Rfd8 (20... gxh6 21. Nf4 $18) 21. Nxg7 Rac8 22. Qd3 $1 (22. Rhf1 {
allows Black's counterattack by} Qc6 $1 23. Qf2 Nb4 $1 24. Kb1 Rxd1+ 25. Rxd1
Qa4 26. a3 Nxc2 27. Qe2 Nxa3+ $1 $132) 22... Rxc2+ $1 {Black's counterplay is
also not without talent!} 23. Kb1 $1 (23. Qxc2 Rc8) 23... Rc5 {
(Smirnov-Lendwai, Saint Vincent 2005 CBM 110)} (23... Rxg2 24. Nxf5 Nc3+ 25.
bxc3 Qxd3+ 26. Rxd3 Rxd3 27. Nxe7+ $16) 24. Ka1 $1 $18 {was the simplest way.})
15. fxe5 c4 (15... Nxd5 {White gets a strong |^ after} 16. Nh5 $1 Bf8 17. Qg3
g6 (17... Qc7 18. Nxg7+ Bxg7 19. Qxg7 O-O-O 20. Rhf1 Rdg8 21. Qxf7 Qxf7 22.
Rxf7 Rxg2 23. c4 $14) 18. c4 $5 (18. Nf6+ Nxf6 19. exf6 Qd5 20. Ba5 Qxa2 $5 (
20... Qc6 {(Wittmann-Lendwai, Oberwart 2005)} 21. Rhe1 $1 {/\ Re6}) 21. Qc7 Bd6
$1 22. Qxd6 Qa1+ 23. Kd2 Qxa5+ 24. Ke3 Qd8 25. Qxc5 Qxf6 {White bravely fights
with his Steinitz K.} 26. Rhf1 Qg7 27. Qb5+ Kf8 28. Rd7 $14) 18... gxh5 19. Bc3
$16) 16. Qxc4 Qxd5 (16... Nxd5 17. Nh5 g6 18. Nf4 $36) 17. Qa4+ Qd7 18. Qb3 {
White certainly avoids the exchange of queens.} Nd5 19. Ne4 $14 {White has
space advantage and good attacking chances because of his e5 P.} (19. Nh5 $14)
(19. Kb1) 19... O-O 20. g4 (20. Nf6+ $5 {is not yet a decisive blow.} gxf6 $142
(20... Bxf6 21. exf6 Nxf6 22. Bb4 Qc6 23. Bxf8 Rxf8 24. Qf3 $14) 21. Bxh6 Kh8
22. Bxf8 Rxf8 23. exf6 Bxf6 $13) 20... Qc7 21. g5 $1 h5 {Black has to avoid
the opening of lines on the >>.} (21... Qxe5 22. Rde1 $18 {/\ Nf6}) 22. Nf6+ $1
{This is the typical continuation of the ->.} Bxf6 (22... gxf6 $2 23. gxf6 $18
{and the mating -> crashes through.}) 23. gxf6 g6 (23... Qxe5 24. fxg7 Rfc8 25.
Rhg1 Rc7 26. Qf3 $1 Rac8 27. c3 {parrying all the threats on the c <->.}) 24.
Rde1 Rfc8 25. Re4 $1 (25. Rhg1 {allows} Qc4 $132) 25... Qc5 26. Kb1 Rc7 27. Rc1
{preparing for c4.} ({The immediate} 27. c4 Nb6 28. Rc1 {was also promising.})
27... Qf2 28. Qd3 Rd7 29. Re2 Qxh4 30. Qf3 Rc7 $2 {Black forgets about his Q's
delicate position.} (30... Qg4 $2 31. Qxg4 hxg4 32. Rh1 $18) (30... Qd4 $1 31.
Rh1 Nb4 $1 32. Bxb4 $1 (32. Reh2 Qd5 $1) (32. b3 Rc8 33. Bxb4 Qxb4 34. Qe3 Rcd8
$13) 32... Qxb4 33. Rg2 $1 Kf8 34. Qe3 $16) 31. Rh1 $2 {White also misses
capturing the Q by} (31. Re4 $1 Qh2 32. Bg5 $1 $18 {/\ c3, Rc2}) 31... Qc4 32.
c3 Kf8 33. Re4 Qc6 34. c4 Nb6 35. b3 Rd8 36. Bb4+ Ke8 37. Bd6 Rcd7 38. Qg2 $2 {
Now Black gets serious counterplay.} (38. c5 {was required strengthening the
d6 B which kills both rooks.} Nd5 39. Rc1 $16) 38... Rxd6 $1 {Black comes out
of passivity by this positional exchange sacrifice.} 39. exd6 Rxd6 $44 40. Rhe1
Nd7 41. Qg5 Qc5 (41... Rd1+ 42. Rxd1 Qxe4+ 43. Kc1 e5 $15 {was also dangerous.}
) 42. Qh6 {The plan with Qh8 is simply bad.} Qf5 (42... Kd8 43. Qh7 Kc7 44.
Qxf7 Rd2 {/\ Qa5}) 43. Qh8+ Nf8 44. Kc1 (44. Qh6 Rd4 45. Qe3 Rxe4 46. Qxe4
Qxe4+ 47. Rxe4 Nd7 48. Rf4 g5 $19) 44... Qg5+ 45. Kb1 a5 $2 ({missing the
penetration to the 2-nd rank.} 45... Rd2 $1 $19) 46. Re5 Qd2 47. c5 Rc6 48.
R1e2 (48. R5e2 Qd3+) 48... Qf4 $2 (48... Qd1+ 49. Kb2 a4 $1 $17 {was still
promising for Black.}) 49. R5e4 (49. a4 $1 $11 {was required.}) 49... Qf5 $1
$17 50. Kb2 Qxc5 51. Rc4 Qb5 52. Rec2 Qe5+ 53. Kb1 Qd5 54. Rxc6 bxc6 55. Kc1
Qg5+ 56. Kb1 c5 57. a3 h4 $2 {forgetting about White's tactical counterchances.
} (57... Qd5 {The centralization of the Q is essential in the _|_.} 58. Rc3 (
58. b4 Qb3+ 59. Rb2 Qd1+ 60. Ka2 Qd5+ 61. Ka1 axb4 62. axb4 cxb4 $19) 58...
Qd1+ 59. Kb2 Qd2+ 60. Rc2 Qd4+ 61. Kb1 a4 $19) 58. b4 $1 Qg3 (58... axb4 59.
axb4 Qg1+ 60. Rc1 Qd4 61. bxc5 {was already not so easy.}) 59. bxc5 (59. Rxc5
Qb3+ $11) 59... Qb3+ 60. Rb2 Qd1+ 61. Ka2 Qd5+ 62. Kb1 Qd1+ 63. Ka2 {and Black
has to give perpetual checks.} 1/2-1/2

[Event "Zug FIDE GP"]
[Site "Zug"]
[Date "2013.04.23"]
[Round "5"]
[White "Karjakin, Sergey"]
[Black "Mamedyarov, Shakhriyar"]
[Result "1-0"]
[WhiteElo "2786"]
[BlackElo "2766"]
[Annotator "Margvelashvili,G"]
[PlyCount "79"]
[EventDate "2013.04.18"]
[EventType "tourn"]
[EventRounds "11"]
[EventCountry "SUI"]
[EventCategory "21"]
[SourceTitle "CBM 154"]
[Source "ChessBase"]
[SourceDate "2013.05.15"]
[SourceVersion "1"]
[SourceVersionDate "2013.05.15"]
[SourceQuality "1"]

1. e4 {I liked the way Mamedyarov has played so far in the tournament. Even
though he was not able to win any games yet, he had his chances against
Kasimdzhanov and Caruana. Karjakin, on the other hand, was not able to show
his best form and barely escaped against Morozevich in round four. Given these
circumstances, a fierce battle was expected in this game.} c6 {Mamedyarov
chooses one of the safer openings, the Caro-Kann Defense.} 2. d4 d5 3. Nc3 {
This is the classical line in Caro-Kann. Lately 3.e5 has become more popular.}
dxe4 4. Nxe4 Bf5 5. Ng3 Bg6 6. h4 h6 7. Nf3 Nd7 8. h5 Bh7 9. Bd3 Bxd3 10. Qxd3
e6 11. Bd2 (11. Bf4 {is also possible, with the following} Qa5+ 12. Bd2 Bb4)
11... Ngf6 12. O-O-O {This is the main position of the classical line. Black
has a choice between a short castle and a long castle.} Be7 {Mamedyarov
chooses the sharper variation and castles kingside. Now both sides will try to
organize an attack on opponent's king. Karjakin's idea is to move the knight
from g3 and push g4-g5, which will open the g-file and destroy the black
king's defense. Mamedyarov, on the other hand, will try to develop his pieces
and push c5, attacking Karjakin's center.} 13. Kb1 Qb6 (13... O-O {with the
following ...c5 is more common.}) 14. Rhe1 O-O 15. Nf5 $5 {Karjakin
demonstrates a very interesting idea: sacrificing his knight for attack.} Bb4 (
15... exf5 16. Rxe7 {leaves Black with a bad pawn structure and a slightly
worse position. This is clearly not what Mamedyarov wanted to see.}) 16. Nxh6+
$1 (16. Bxb4 {is also interesting, but it only leads to a draw after} Qxb4 17.
c3 Qa5 18. Ne7+ Kh8 19. Rxe6 $1 fxe6 20. Nh4 g5 $1 {the only move} 21. Nhg6+
Kg7 22. Ne5 Nxe5 23. dxe5 Rad8 24. Qg6+ Kh8 25. Qxh6+ Nh7 26. Ng6+ Kg8 27. Ne7+
{with perpetual check.}) 16... gxh6 17. c3 Ba3 18. Bc1 Rfe8 {To bring the
bishop back to f8, from where it can defend the king.} 19. g4 $1 {Karjakin
aims to open the g-file, which will enable his rooks to also join the attack.}
Nh7 20. c4 Bf8 21. g5 hxg5 22. Nxg5 Nxg5 23. Bxg5 Kh8 24. Rg1 {Just by playing
very natural moves, Karjakin has developed a very strong attack. I do not see
how Mamedyarov could improve his play, which suggests that he was caught in
very deep opening preparation by Karjakin.} Qc7 (24... Qa5 {is suggested by
engines, but after} 25. c5 $1 Bg7 26. Qf3 f5 27. Qf4 Rg8 28. h6 Bf6 29. Bxf6+
Nxf6 30. Qe5 {White is just winning.}) 25. Qf3 f6 26. Bf4 Bd6 27. Qg3 Nc5 (
27... Rg8 {is better, but} 28. Bxd6 Rxg3 29. Bxc7 {is also very bad for Black.}
) 28. Bxd6 Qh7+ 29. Ka1 Ne4 30. Qh4 Rg8 31. f3 Ng5 (31... Nxd6 {loses to} 32.
Qxf6+ Rg7 33. h6) 32. Qf4 {Karjakin has an extra pawn and a winning position.
The game is over.} Qf5 33. Qxf5 exf5 34. Be7 Nxf3 35. Rgf1 Rg3 36. d5 cxd5 37.
cxd5 Kg7 38. Rd3 Kf7 39. Bd6 Nh2 40. Bxg3 {and Mamedyarov resigned, since after
} (40. Bxg3 Nxf1 41. Bf4 {his knight is also trapped and there is no stopping
the d5 and h5 pawns. Great opening preparation by Karjakin and a disappointing
loss for Mamedyarov.}) 1-0

[Event "Sofia MTel Masters 2nd"]
[Site "Sofia"]
[Date "2006.05.14"]
[Round "4"]
[White "Anand, Viswanathan"]
[Black "Ponomariov, Ruslan"]
[Result "1-0"]
[WhiteElo "2803"]
[BlackElo "2738"]
[Annotator "Marin,M"]
[PlyCount "111"]
[EventDate "2006.05.11"]
[EventType "tourn"]
[EventRounds "10"]
[EventCountry "BUL"]
[EventCategory "20"]
[SourceTitle "CBM 113"]
[Source "ChessBase"]
[SourceDate "2006.07.31"]
[SourceVersion "1"]
[SourceVersionDate "2006.07.31"]
[SourceQuality "1"]

1. e4 c6 2. d4 d5 3. Nc3 dxe4 4. Nxe4 Bf5 5. Ng3 Bg6 6. Nf3 Nd7 7. h4 h6 8. h5
Bh7 9. Bd3 Bxd3 10. Qxd3 {From the opening variations that are frequently seen
at top level, this is one of the oldest. Commenting on his win (as Black)
against a young Boris Spassky, back in 1966, "the Patriarch" wrote that he
does not understand why his opponent chose a line where during the past 50
years White made only one or two major discoveries. This statement looks
somewhat outdated nowadays. In fact, White does not need to make any
revolutionary discoveries, since his considerable advance of space is not easy
to neutralize. The final outcome of the game ususlly depends on small nuances,
not always too easy to grasp.} e6 11. Bf4 Ngf6 12. O-O-O Be7 {In Botvinnik's
time, Black usually castled long. By transferring the king to the opposite
wing (as frequently happens in modern games), Black intends to keep his
slightly vulnerable pawns safely defended.} 13. Ne4 ({A thematic exchange
aiming to clear the way to the g-pawn and cause Black problems with carrying
out the pawn break ...c5. Anand knew quite well what kind of problems Black
can have after the ensuing simplifications from the following game:} 13. Kb1
O-O 14. Ne4 Nxe4 15. Qxe4 Nf6 16. Qe2 Qd5 17. Ne5 Qe4 (17... Qxg2 {loses to}
18. Bxh6 $1 {or to the simpler 18.Rh(d)g1.}) 18. Qxe4 Nxe4 19. Rhe1 Nf6 ({
Of course, not} 19... Nxf2 $2 {because of} 20. Rd2 {, trapping the knight.})
20. g4 Rfd8 21. Be3 Bd6 22. f3 Rac8 23. c4 a5 24. a4 Nd7 25. Bd2 Bc7 26. Bc3
Nxe5 27. dxe5 c5 28. Kc2 {Kasparov-Anand, Linares 2003. In spite of the
blocked character of the position, White's advantage of space on the king side
faces Black with serious dangers. Kasparov pushed his pawns prematurely and
reached a rook ending with only vague winning chances, which Anand misplayed
terribly and lost.}) 13... Nxe4 14. Qxe4 Nf6 15. Qd3 Qd5 16. c4 Qe4 17. Qxe4
Nxe4 {The main difference compared to the game Kasparov-Anand consists of the
fact that the moves Ne5 and ...0-0 are missing. This detail slightly restricts
White's posibilities, forcing him to defend the f2-pawn with the apparently
passive} 18. Be3 {However, as we shall soon find out, Black is better adviced
not to rely on this small achievement too much.} O-O ({One of Black's main
problems in this line is to find a good square for his knight. My personal
feeling is that Anand's plan from the aforementioned game (to exchange it for
the e5-knight) is the most appropriate, although it does not guarantee 100%
equality. Here is a game where Black managed to obtain the perfect d5-square
for his knight, but for several other reasons could not make use of it!} 18...
Nd6 19. b3 Bf6 20. g4 b5 21. Nd2 Kd7 22. Kc2 Bd8 23. Nf3 Bf6 24. Ne5+ Kc7 25.
c5 Bxe5 26. dxe5 Nc8 {If Black could jump with his knight directly to d5, his
position would be not worse at all. However, one can only make one move at a
time.} 27. Rh3 $1 Ne7 28. Rf3 Rhf8 29. Rd6 $1 {After the radical activation of
White's rooks, Black was reduced to complete passivity in Kramnik-Bareev, Wijk
aan Zee 2003. In case of 29...Nd5, the knight would stand "nicely" but would
fail to counter White's simple plan: Bd2, followed by the transfer of the king
to e4 and the opening of the king side by means of g5, hxg5 Bxg5 followed by
h6, which would win the f7-pawn. At the same time, Black has no time to expell
the enemy rook from d6 with} Nc8 {because of} 30. Rd4 {followed by Rdf4.}) 19.
Ne5 Bd6 ({A new move, putting the e5-knight under pressure and thus preparing
the thematic break ...c5. The more natural} 19... Rfd8 {, completing the
development, does not promisse complete equality either, for instance} 20. g4
c5 21. f3 cxd4 22. Rxd4 Rxd4 23. Bxd4 Ng5 24. Rf1 Re8 25. b3 {and White
managed to gradually amplify his advantage of space in Strikovic-Kortschnoj,
Val Maubuee 1990.}) 20. f3 Ng3 ({A questionable decision. It is hard to
refrain from "winning" several tempi by jumping around with the knight, but
the more restrained} 20... Nf6 {, more or less transposing to Kasparov-Anand,
seems a safer choice. In the game, the knight will soon land on a very passive
square.}) 21. Rh3 Nf5 22. Bf2 Rad8 ({By taking the d7-square under control,
Black intends to play ...c5 with all the comfort. One natural question is why
didn't Black place the other rook on d8 with} 22... Rfd8 {After the game
continuation} 23. g4 Ne7 24. Nd3 b5 25. b3 {he could try to open a new file on
the queen side with} a5 {. However after the accurate} 26. a4 $1 {Black would
be simply left with an additional weakness on a5, while his counterplay along
the b-file is not too realistic, for instance} bxa4 27. bxa4 Rab8 28. Kc2 {
followed by Rhh1 and Rb1. One can feel the perfect placement of the white
knight.}) ({With hindsight, it is easy to recommend the immediate opening of
the position with} 22... c5 {. Even though White seems to be able to maintain
an advantage, the situation would have been less one-sided than in the game.
Here is a possible continuation.} 23. Nd7 Rfd8 24. dxc5 $1 ({In case of} 24.
Nxc5 Bf4+ 25. Kb1 Be3 26. Bxe3 Nxe3 {White's central pawns are suddenly
vulnerable.}) 24... Bf4+ 25. Kb1 Be3 26. Bxe3 Nxe3 27. Rd4 {. Black can now
win his pawn back, but the control of the d-file would leave White on top, for
instance} Nxg2 {(Ledaing to a more unbalanced situation than after the capture
on c4)} 28. Rh2 Ne3 29. Rhd2) 23. g4 Ne7 24. Nd3 $1 {It becomes clear now that
Black is reduced to absolute passivity. His knight has no good squares at its
disposal, while after White's last move it is hard to play ...c5.} b5 25. b3
Bc7 26. Rhh1 Bb6 27. Nc5 Rfe8 28. Kc2 bxc4 ({The double exchange that follows
might seem premature, but after a neutral move such as} 28... Kf8 {White could
force the events with} 29. a4 {anyway.}) 29. bxc4 Bxc5 30. dxc5 {The following
phase of the game is a perfect illustration of Siegbert Tarrasch' statement
that if a piece is badly placed, the whole position is bad. Finding a good
square for the knight will cost Black so much time that White will manage to
obtain a decisive advantage on a different area of the board. If we compare
with the position from the game Kramnik-Bareev, we can safely state that the
double pawns are more of a strength than a weakness. Just try to remove the
pawn from c4 and place it on e5: Black would get chances to consolidate with a
further ...Nd5.} e5 31. Rd6 Rb8 32. Rhd1 ({The immediate occupation of the
seventh rank with} 32. Rd7 {looks playable, too, since the counterplay basedon}
Rb4 {can be easily parried with} 33. Kc3 {. Anand might have felt
uncomfortable to move again with his d6-rook and preferred to take the d-file
under even stricter control first.}) 32... Rb7 33. Rd8 {Exchanging one pair of
rooks makes part of White's main plan and pursues two main aims: to prevent a
possible black counterplay and to open new perspectives for the remaining rook.
} Rxd8 (33... Kf8 {could be answered with} 34. R1d7) 34. Rxd8+ Kh7 35. Rf8 f6 (
{The sophisticated plan of freeing the knight initiated by this move will
result just too slow. The immediate} 35... Ng8 {, creating the additional
threat of ...e4 followed by ...Nf6 deserves being mentioned. White would
probably have to spend a tempo on preventing this idea with} 36. Re8 {but, as
we shall see, this is hardly a loss of time since the rook is well placed on
the e-file.} f6 ({Exchanging rooks with} 36... Re7 37. Rxe7 Nxe7 {would leave
Black helpless against the white king's marching in starting with} 38. Kb3 {
and heading for a7.}) 37. Be1 Rd7 38. Bc3 g6 ({Black is not sufficiently well
prepared for this pawn break, but} 38... Ne7 {would just transpose to the game
joyless continuation after} 39. Rf8 Ng8 40. a4) 39. hxg6+ Kg7 40. Re6 $1 {
A very good square for the rook.} Ne7 (40... Rc7 {allows the simple} 41. Rxe5
$1) 41. Rd6 Rc7 42. Kd3 {and Black has no adequate way of capturing on g6, for
instance} Nxg6 43. Ba5 {or 42...Kxg6 43.Bxe5, leaving him helpless against the
centralisation of the white king.}) 36. Be1 Rd7 37. Bc3 {After this accurate
bishop maneouvre it appears that the black rook enjoys no greater mobility
than the knight.} Ng8 38. a4 $1 {With the brutal threat of advancing the pawn
to a6 and transfer the rook to b7.} g6 39. a5 $1 ({White ignores the king side
situation. In case of} 39. hxg6+ {Black would win a tempo with} Kg7 {followed
by ...Ne7, with chances for survival.}) 39... gxh5 40. gxh5 Kg7 41. Rb8 Ne7 42.
a6 Kf7 {The king hurries to support the rook in view of the threat Rb7.
However, White has an additional idea of attacking the a7-pawn.} 43. Ba5 $1 Nf5
44. Bb6 $1 {It is all over now. White's advantage of space is decisive.} Ne3+
45. Kc3 Ke6 46. Rc8 Kf5 47. Rxc6 Nd1+ 48. Kb4 Rd2 49. Bxa7 {I suppose that
Ponomariov played the following sequence of moves by mere inertia. He could
have safely resigned already.} Rb2+ 50. Ka3 Rb1 51. Rb6 Ra1+ 52. Kb3 e4 53.
fxe4+ Kxe4 54. c6 {This was precisely the moment when I incidentally connected
to playchess.com through my mobile phone. I first thought that the position
was filipped, not believing that the game was still on with such advanced
white pawns. The detail that made me understand my mistake was that Black's
next move is legal.} Kd3 {Indeed, with the position flipped, the king would be
in check here.} 55. c7 Rb1+ 56. Ka3 1-0